LEADER 01084nam0 2200289 450 001 000029895 005 20140212142617.0 010 $a978-88-15-23414-8 100 $a20140212d2013----km-y0itay50------ba 101 0 $aeng 102 $aIT 105 $ay-------001yy 200 1 $aCommunication, mediation and culture in the making of Europe$fedited by Juliet Lodge and Katharine Sarikakis 210 $aBologna$cIl Mulino$dc2013 215 $a299 p.$d23 cm 225 2 $aFonti studi sul federalismo e sull'integrazione europea 410 0$12001$aFonti studi sul federalismo e sull'integrazione europea 500 10$aCommunication, mediation and culture in the making of Europe$957654 610 1 $aUnione europea$aAspetti sociali 676 $a306.2094$v22$9Istituzioni politiche. Europa 702 1$aLodge,$bJuliet 702 1$aSarikakis,$bKatharine 801 0$aIT$bUNIPARTHENOPE$c20140212$gRICA$2UNIMARC 912 $a000029895 951 $a306-C/3$b44881$cNAVA1$d2014 996 $aCommunication, mediation and culture in the making of Europe$957654 997 $aUNIPARTHENOPE